|
|
|
|
| LEADER |
01024nam a2200253 a 4500 |
| 001 |
00025146 |
| 008 |
120519s2010 enka 000 1 eng |
| 020 |
|
|
|a 9780194248921
|
| 020 |
|
|
|a 9780194248440 (book and multiROM pack)
|
| 040 |
|
|
|a BD-DhAAL
|c BD-DhAAL
|
| 082 |
0 |
0 |
|a 428.6
|2 22
|
| 100 |
1 |
|
|a Till, Julie
|
| 245 |
1 |
4 |
|a The drive to Dubai /
|c Julie Till ; llustrated by Paul Collicutt.
|
| 260 |
|
|
|a Oxford ;
|a New York :
|b Oxford University Press,
|c c2010
|
| 300 |
|
|
|a 67 p. :
|b col. ill. ;
|c 21 cm.
|
| 490 |
1 |
|
|a Dominoes. Level two
|
| 541 |
|
|
|e 00025146
|
| 650 |
0 |
|
|a Readers (Adult)
|
| 650 |
0 |
|
|a Readers for new literates.
|
| 650 |
0 |
|
|a Reading comprehension
|v Problems, exercises, etc.
|
| 700 |
1 |
|
|a Collicutt, Paul.
|
| 852 |
1 |
|
|a Ayesha Abed Library
|c General shelf.
|
| 999 |
|
|
|c 12239
|d 12239
|
| 952 |
|
|
|0 0
|1 0
|2 ddc
|4 0
|6 428_600000000000000_TIL
|7 0
|9 20268
|a BRACUL
|b BRACUL
|d 2012-05-23
|e Karim International
|g 651.00
|l 2
|o 428.6 TIL
|p 3010025146
|r 2025-04-16
|s 2024-12-03
|t 1
|w 2012-05-23
|y BK
|x Transferred from BIL to BRACUL on 06/06/22
|